000 005340000a22001930004500
001 002479
003 MACL
005 20150930155445.0
008 150930b xxu||||| |||| 00| 0 eng d
040 _aMACL
_cMACL
041 _aEnglish
082 _a900/NAR
100 _aNarayan, Badri
_92655
245 _aWomen Heroes and Dalit Assertion in North india
_bCulture, Identity and Politics, Vol 5
_cBadri Narayan
260 _aNew Delhi
_c2006
_bSaga Publication,
350 _a295
650 _aHistory
_912941
942 _k900
_cBK
_2ddc
999 _c14390
_d14390